00441nam a22001457a 4500008004100000020001500041040001500056050002900071245008400100260002400184300001500208650002000223650002800243700002400271191004b xxu||||| |||| 00| 0 eng d a0387945199 aKABUcKABU aQA274.42b.S73 1993 c. 1 aStatistical models based on counting processescPer Kragh Anderson ...[et al.]. aUSAbSpringerc1993 axi, 767 p. aPoint processes aMathematical statistics aAnderson, Per Kragh